00815nam a22002057a 450000500170000001000150001702000260003203500140005803700090007208200130008110000220009424500880011625000060020426000660021027001110027630000200038794200270040799900190043495201560045320241001112111.0 aENG-141859 c300.00a9789391706081 aEN-125391 bDBAD a181.421 aShaw, J.L.972233 aThe Relevance of Indian Philosphy to Contemporary Western Philosophy/cBy J.L. Shaw a1 aKolkatabThe Ramakrishna Mission Institute Of Culture c2022 bKolkataaThe Ramakrishna Mission Institute Of Culture Gol Park, Kolkata Indiae700029mrmicsale@gmail.com a200p.c22cm(hb) 2ddccENh181.4mSHAe1 c206029d206029 001040708NFICaBL1bBL1d2024-10-01eDelivery of Books Act Divisiong300.00l0o181.4 SHApEN-125391r2024-10-01 00:00:00t1v300.00w2024-10-01yEN